Estudio de la situación de la mercadotecnia y la tecnología en Nicaragua

Presenta un estudio sobre el aprovechamiento de las nuevas tecnologías de la comunicación e información disponibles en Nicaragua (Internet, telefonía convencional, celular y urbanización de ciudades, etc), para la aplicación de la mercadotecnia.

Bibliographic Details
Main Author: Chow Castro, Edén Isaac
Other Authors: Tutor: Nororí Paguaga, Verónica
Format: Tesis Section = Libro
Language:Undetermined
Spanish
Published: Managua UNI 2010
Subjects:
LEADER 00901nam a2200217Ia 4500
008 240830s9999 xx 000 0 und d
040 |a BIBLIOTECA-RUSB/ T.Mon 659.1 C552 
041 |a spa 
082 |a T.Mon 659.1 C552 
100 1 |a Chow Castro, Edén Isaac 
245 1 0 |a Estudio de la situación de la mercadotecnia y la tecnología en Nicaragua 
260 |a Managua  |b UNI  |c 2010 
300 |a 45 p. :il. 
502 |a Tesis (Ingeniero Electrónico) - UNI, 2010. 
520 3 |a Presenta un estudio sobre el aprovechamiento de las nuevas tecnologías de la comunicación e información disponibles en Nicaragua (Internet, telefonía convencional, celular y urbanización de ciudades, etc), para la aplicación de la mercadotecnia. 
650 7 |a PUBLICIDAD 
650 7 |b  PROMOCIÓN DE VENTAS 
700 1 |a Tutor:  |b Nororí Paguaga, Verónica 
942 |c BK  |2 ddc 
991 |a TESIS 
999 |c 21930